Szczegóły MARC21

Leksykon poznawania Wszechoceanu /

003 -Nazwa inst., której nr kontr. jest w polu 001 [,]
    • @
    • Nazwa instytucji, której n kontrolny jest w polu 001
    • NUKAT
005 -DATA I CZAS OSTATNIEJ MODYFIKACJI [,]
    • @
    • pole kontrolne
    • 20241231085722.0
020 -Międzynarod. znormalizowany nr książki - ISBN [ , ]
    • a
    • Numer ISBN
    • 8373220399 Find
040 -Instytucja sporządzająca opis [ , ]
    • a
    • Instytucja, która sporządziła opis (NP)
    • KAT U/sm
    • c
    • Instytucja, która sporządziła rekord (NP)
    • KAT U/sm
    • d
    • Instytucja, która zmodyfikowała rekord (P)
    • KAT U/AR
    • d
    • Instytucja, która zmodyfikowała rekord (P)
    • TOR U/UDs
    • d
    • Instytucja, która zmodyfikowała rekord (P)
    • WA U/PE
942 -Rodzaj dokumentu [ , ]
    • c
    • Rodzaj dokumentu
    • Książka
100 -Hasło główne - nazwa osobowa [1, ]
    • a
    • Nazwa osobowa (NP)
    • Piskozub, Andrzej
    • d
    • Daty biograficzne (NP)
    • (1933-2021).
    • 9
    • KHW
    • 8779
245 -Strefa tytułu i oznaczenia odpowiedzialności [1,0]
    • a
    • Tytuł
    • Leksykon poznawania Wszechoceanu / Find
    • c
    • Pozostałe elementy strefy tytułu i oznaczenia odpowiedzialności (NP)
    • Andrzej Piskozub.
260 -Strefa adresu wydawniczego [ , ]
    • a
    • Miejsce wydania (P)
    • Toruń :
    • b
    • Nazwa wydawcy (P)
    • Wydaw. Adam Marszałek,
    • c
    • Data wydania (P)
    • cop. 2002.
300 -Strefa opisu fizycznego [ , ]
    • a
    • Określenie formy książki i/lub objętość (NP)
    • 268 s. ;
    • c
    • Format (NP)
    • 24 cm.
336 -Typ zawartości [ , ]
    • a
    • Termin opisujący typ zawartości
    • Tekst
    • b
    • Kod określający zawartość
    • txt
    • 2
    • Źródło (terminu i kodu)
    • rdacontent
337 -Typ mediów [ , ]
    • a
    • Tryb odtwarzania
    • Bez urządzenia pośredniczącego
    • b
    • Kod typu mediów
    • n
    • 2
    • Źródło (terminu i kodu)
    • rdamedia
338 -Typ/rodzaj nośnika [ , ]
    • a
    • Hasło opisujące typ nośnika
    • Wolumin
    • b
    • Kod typu nośnika
    • nc
    • 2
    • Źródło (terminu i kodu)
    • rdacarrier
080 -Uniwersalna Klasyfikacja Dziesiętna [ , ]
    • a
    • Symbol klasyfikacji
    • 910.4(091)
    • 2
    • Identyfikator wydania tablic
    • UDC-P058
    • 9
    • UKD
    • 6775
    • b
    • Dopowiedzenie
    • Historia odkryć geograficznych.
    • 4
    • UKD2
    • 7663
    • x
    • Poddział wspólny
    • (038)
    • c
    • Dopowiedzenie poddz. wspólnego
    • (Słowniki).
    • 4
    • UKD2
    • 9006
    • x
    • Poddział wspólny
    • (26)
    • c
    • Dopowiedzenie poddz. wspólnego
    • (Oceany. Morza).
080 -Uniwersalna Klasyfikacja Dziesiętna [ , ]
    • a
    • Symbol klasyfikacji
    • 656.61
    • 2
    • Identyfikator wydania tablic
    • UDC-P058
    • 9
    • UKD
    • 5567
    • b
    • Dopowiedzenie
    • Żegluga morska. Flota handlowa.
    • 4
    • UKD2
    • 7663
    • x
    • Poddział wspólny
    • (038)
    • c
    • Dopowiedzenie poddz. wspólnego
    • (Słowniki).
080 -Uniwersalna Klasyfikacja Dziesiętna [ , ]
    • a
    • Symbol klasyfikacji
    • 551.46
    • 2
    • Identyfikator wydania tablic
    • UDC-P058
    • 9
    • UKD
    • 4266
    • b
    • Dopowiedzenie
    • Oceanografia fizyczna. Topografia i morfologia dna morskiego. Właściwości fizyczne i chemiczne wody morskiej. Biochemia i geochemia morza. Prądy i fale morskie. Pływy morskie (przypływy i odpływy).
    • 4
    • UKD2
    • 7663
    • x
    • Poddział wspólny
    • (038)
    • c
    • Dopowiedzenie poddz. wspólnego
    • (Słowniki).
650 -Hasło przedmiotowe [ ,7]
    • a
    • Hasło przedmiotowe
    • Odkrycia geograficzne
    • x
    • Określnik rzeczowy
    • historia
    • v
    • Określnik formalny
    • encyklopedie.
    • 2
    • Źródło terminu
    • kaba
    • 9
    • KHW
    • 365119
980 -Symbol UKD [ , ]
    • a
    • UKD
    • 910.4(26)(091):656.61:551.46](038)
710 -Hasło dodatkowe - nazwa ciała zbiorowego [2, ]
    • a
    • Nazwa ciała zbiorowego lub nazwa geograficzna jako pierwszy element (NP)
    • Wydawnictwo Adam Marszałek.
    • 4
    • Kod relacji
    • pbl
    • 9
    • KHW
    • 53600
920 -ISBN [ , ]
    • a
    • ISBN
    • 83-7322-039-9 Find
Status udost. Numer inwentarzowy Data inwentaryzacji Lokalizacja
1Bl.101672003-07-04BG
-2T.99062008-03-14T
-6TM.54262008-03-14T